Who am i ? : (Record no. 516902)

000 -LEADER
fixed length control field 00278nam a22000977a 4500
082 ## - DEWEY DECIMAL CLASSIFICATION NUMBER
Classification number TNC
100 ## - MAIN ENTRY--PERSONAL NAME
Personal name Khaitan, Sachitananda Vandana
9 (RLIN) 23735
245 ## - TITLE STATEMENT
Title Who am i ? :
Remainder of title A scientific spiritual
Statement of responsibility, etc by Sachitananda Vandana Khaitan
260 ## - PUBLICATION, DISTRIBUTION, ETC. (IMPRINT)
Place of publication, distribution, etc Delhi
Name of publisher, distributor, etc Vande Krsna
Date of publication, distribution, etc 2012
300 ## - PHYSICAL DESCRIPTION
Extent 52p.
Holdings
Withdrawn status Lost status Source of classification or shelving scheme Damaged status Koha normalized classification for sorting Not for loan Permanent location Current location Date acquired Full call number Barcode Date last seen Price effective from Koha item type
        TNC   Indian Institute of Public Administration Indian Institute of Public Administration 2021-03-22 TNC GR23387 2021-03-22 2021-03-22 GR

Powered by Koha